Gestô da polt̕ica de direitos ao adolescente em conflito com a Lei

Bibliographic Details
Main Author: Donizeti Liberati, Wilson
Format: eBook
Language:Portuguese
Published: San Pablo: Letras Jurídicas Editora, 2012
Subjects:
Online Access:Acceso restringido

MARC

LEADER 00000nam a22000007a 4500
005 20200723002334.0
007 cr|||| ||||
008 200723s2012 br |||||s|||| 00||0 por d
020 |a 978-85-89917-79-7 
035 |a 31867 
040 |a vLex 
090 |c 10693  |d 10693 
100 1 |a Donizeti Liberati, Wilson 
245 1 0 |a Gestô da polt̕ica de direitos ao adolescente em conflito com a Lei  |h [Recurso electrn̤ico] /  |c Wilson Donizeti Liberati 
256 |a Servicio en ln̕ea 
260 |a San Pablo:  |b Letras Jurídicas Editora,  |c 2012 
300 |a 1 recurso electrn̤ico 
500 |a O presente livro - Gestô da Polt̕ica Socioeducativa aos Adolescentes em Conflito com a Lei - de autoria de parte dos docentes do Programa Mestrado Profissional Adolescente em Conflito com a Lei, da Universidade Bandeirante de Sô Paulo (UNIBAN), aborda um dos temas candentes para a implementaȯ̂ dos postulados da doutrina da proteȯ̂ integral, a gestô da polt̕ica socioeducativa sob a t̤ica dos direitos humanos. 
506 1 |a Disponible solo en los productos indicados  |d vLex Global  |d vLex Global (Academic Edition, excluding Law Schools)  |d vLex Global (U.S. Academic Edition, Law Schools)  |d vLex Global (U.S. Academic Edition, excluding Law Schools)  |d vLex Global (Academic Edition, Law Schools) 
650 0 4 |a Derecho Constitucional  |z Brasil 
740 0 |a vLex Libros (Servicio en ln̕ea) 
856 4 0 |u http://vlex.com/source/gest-o-da-politica-de-direitos-ao-adolescente-em-conflito-com-a-lei-31867  |z Acceso restringido 
942 |c BOOK 
999 0 |a Constitutional right